书目信息 |
| 题名: |
现代社会研究方法
|
|
| 作者: | 范伟达 编著 | |
| 分册: | ||
| 出版信息: | 上海 复旦大学出版社 2001 |
|
| 页数: | 518页 | |
| 开本: | 21cm | |
| 丛书名: | ||
| 单 册: | ||
| 中图分类: | C91-03 | |
| 科图分类: | ||
| 主题词: | 社会分析--she hui fen xi--研究方法 | |
| 电子资源: | ||
| ISBN: | 7-309-02792-2 | |
| 000 | 00888nam0 2200253 45 | |
| 001 | CAL 012001345931 | |
| 005 | 20031219104058.8 | |
| 010 | @a7-309-02792-2@dCNY28.50 | |
| 100 | @a20010705d2001 ekmy0chiy0121 ea | |
| 101 | 0 | @achi |
| 102 | @aCN@b310000 | |
| 105 | @aak a 000yy | |
| 106 | @ar | |
| 200 | 1 | @a现代社会研究方法@d= Methods of Social Research@f范伟达编著@zeng |
| 210 | @a上海@c复旦大学出版社@d2001 | |
| 215 | @a518页@c图@d21cm | |
| 320 | @a有书目( 第514-518页) | |
| 330 | @a本书从方法论、研究方法和具体方法三个层次,定量研究和定性研究相结合的角度,阐述了确立课题、研究设计、资料收集、统计分析、理论解释、撰写报告、成果应用等各种方法和技术。 | |
| 510 | 1 | @aMethods of Social Research@zeng |
| 606 | 0 | @a社会分析@Ashe hui fen xi@x研究方法 |
| 690 | @aC91-03 | |
| 701 | 0 | @a范伟达@Afan wei da@4编著 |
| 801 | @aCN@bTSTC@c20021022 | |
| 905 | @b315908-912@dC91-03@e272@f5 | |
| 现代社会研究方法= Methods of Social Research/范伟达编著.-上海:复旦大学出版社,2001 |
| 518页:图;21cm |
| ISBN 7-309-02792-2:CNY28.50 |
| 本书从方法论、研究方法和具体方法三个层次,定量研究和定性研究相结合的角度,阐述了确立课题、研究设计、资料收集、统计分析、理论解释、撰写报告、成果应用等各种方法和技术。 |
| ● |
| 相关链接 |
|
|
|
|
正题名:现代社会研究方法
索取号:C91-03/272
 
预约/预借
| 序号 | 登录号 | 条形码 | 馆藏地/架位号 | 状态 | 备注 |
| 1 | 0315908 | 203159081 | 第一借阅区/ [索取号:C91-03/272] | 在馆 | |
| 2 | 0315909 | 203159090 | 第一借阅区/ [索取号:C91-03/272] | 在馆 | |
| 3 | 0315910 | 203159107 | 教育系资料室/ [索取号:C91-03/272] | 在馆 | |
| 4 | 0315911 | 203159116 | 教育系资料室/ [索取号:C91-03/272] | 在馆 | |
| 5 | 0315912 | 203159125 | 第一样本阅览室/ [索取号:C91-03/272] | 在馆 |